000
00330nam a2200133Ia 4500
008
240624s9999 xx 000 0 und d
041
_a
eng
082
_a
828 ANA
100
_a
ANANTHAMURTHY U R
245
_a
HINDUTVA OR HIND SWARAJ
260
_c
2016
_a
New York
_b
Harper Perennial
300
_a
122 : p. : cm. ; 20
365
_c
RS
999
_c
28525
_d
28525